000 01285nam a22003497a 4500
003 CHAP
005 20220329134950.0
008 971013s1980 r 00010 d
010 _a28768
011 _a29740
035 _a33851
040 _cCHAP
082 _a631.0915
_bK6
100 0 0 _aKovda, Victor Abramovich.
_963809
245 _aLand aridization and drought control
260 _aBoulder, Colorado :
_bWestview Press,
_c1980
300 _a277 p.
_b; mapas
490 _aWestview special studies in natural resources and energy
590 _aBATCH-UPD
_b10
_c20130110
_lUCH01
_h1518
590 _aBATCH-UPD
_b10
_c20130410
_lUCH01
_h0931
590 _aBATCH-UPD
_b10
_c20130914
_lUCH01
_h0321
590 _aCONVERSION
_b10
_c20130109
_lUCH01
_h1316
650 1 4 _aAgricultura
_xRegiones áridas.
_91781
650 1 4 _aSequías.
_9104511
650 1 4 _aSuelos salinos.
_9110558
830 0 _aWestview special studies in natural resources and energy
_9121587
901 _aBK
942 _cLIBRO
949 _a631.0915 K6
_bBC
_cLIBRO
_d33724000054326
_eLIBRO
_gI. 123532
_h63468
_i33851
_si
949 _a631.0915 K6
_bBC
_cLIBRO
_d33724000054342
_eLIBRO
_fc.3
_gI. 135648
_h70750
_i33851
_si
_t40.23
949 _a631.0915 K6
_bBC
_cLIBRO
_d33724000054359
_eLIBRO
_fc.2
_gI. 123533
_h63469
_i33851
_si
999 _c28768
_d28768